Las cuotas mínimas de participación de las mujeres:un mecanismo de acción afirmativa. Aportes para la discusión /
En este documento se aborda el tema de la discriminación y la participación política de las mujeres tomando en cuenta el caso costarricense, se tratan los temas de las cuotas mínimas de participación de las mujeres, como un mecanismo de acción afirmativa y además se exponen argumentos a favor y en c...
Zapisane w:
| 1. autor: | |
|---|---|
| Kolejni autorzy: | , |
| Format: | Texto |
| Język: | Spanish |
| Wydane: |
San José:
Centro Nacional para el Desarrollo de la Mujer y la Familia
|
| Hasła przedmiotowe: | |
| Etykiety: |
Dodaj etykietę
Nie ma etykietki, Dołącz pierwszą etykiete!
|
MARC
| LEADER | 00000 a a2200000 04500 | ||
|---|---|---|---|
| 001 | 34448 | ||
| 003 | cru CIDCACS/IIS | ||
| 005 | 20231016093735.0 | ||
| 008 | 170324b xxu||||| |||| 00| 0 spa d | ||
| 020 | |a 9968-742-42-2 | ||
| 022 | |a 9968-742-42-2 | ||
| 040 | |c cru CIDCACS/IIS |a cru CIDCACS/IIS | ||
| 090 | |a 04.04.02 C172c | ||
| 100 | |a Camacho Granados, Rosalia | ||
| 245 | 1 | 4 | |a Las cuotas mínimas de participación de las mujeres:un mecanismo de acción afirmativa. Aportes para la discusión / |c Rosalia Camacho Granados |
| 260 | |a San José: |b Centro Nacional para el Desarrollo de la Mujer y la Familia | ||
| 300 | |a 112 p. | ||
| 520 | |a En este documento se aborda el tema de la discriminación y la participación política de las mujeres tomando en cuenta el caso costarricense, se tratan los temas de las cuotas mínimas de participación de las mujeres, como un mecanismo de acción afirmativa y además se exponen argumentos a favor y en contra de dicho sistema de cuotas. Finalmente, se presentan ciertos reglamentos de diferentes países (Alemania, España, Paraguay, Argentina y Costa Rica) concerniente a las cuotas mínimas de participación y de elección de las mujeres | ||
| 650 | |a MUJERES | ||
| 650 | |a POLITICA | ||
| 650 | |a PARTICIPACION DE LA MUJER | ||
| 650 | |a DISCRIMINACION | ||
| 650 | |a GENERO | ||
| 650 | |a PODER | ||
| 650 | |a DEMOCRACIA | ||
| 650 | |a PARTIDOS POLITICOS | ||
| 650 | |a DERECHOS DE LA MUJER | ||
| 650 | |a CONSTITUCIONES | ||
| 650 | |a COSTA RICA | ||
| 650 | |a MUJERES | ||
| 650 | |a PARTICIPACION | ||
| 650 | |a CARGOS | ||
| 700 | |a Lara Povedano, Silvia | ||
| 700 | |a Serrano Madrigal, Ester | ||
| 942 | |2 z |c LI |h 04.04.02 C172c |i 01986 |6 040402_C172C_01986 | ||
| 999 | |c 11495 |d 11495 | ||



